Formel E Fahrer 2014/15 - Statistiken

Allgemein
  • Dieses Quiz wurde 5 mal gespielt
  • Das Durchschnittsergebnis liegt bei 18 aus 36
Antwortstatistiken
Team Nation Anzahl der Rennen Fahrer % Korrekt
Audi Abt Deutschland 11 Daniel Abt
100%
Trulli Italien 11 Jarno Trulli
100%
Mahindra Indien 11 Karun Chandhok
100%
Audi Abt Brasilien 11 Lucas di Grassi
100%
China Racing/NEXTEV Brasilien 11 Nelson Piquet jr.
100%
Venturi Deutschland 11 Nick Heidfeld
100%
Virgin Großbritanien 11 Sam Bird
100%
Renault Schweiz 11 Sebastian Buemi
100%
Amlin Aguri Japan 1 Takuma Sato
100%
Amlin Aguri Portugal 8 Antonio Felix da Costa
67%
Andretti Frankreich 1 Charles Pic
67%
China Racing/NEXTEV Frankreich 4 Charles Pic
67%
Virgin Spanien 9 Jaime Alguersuari
67%
Andretti Frankreich 9 Jean-Eric Vergne
67%
Andretti USA 1 Marco Andretti
67%
Renault Frankreich 11 Nicholas Prost
67%
Amlin Aguri Japan 2 Sakon Yamamoto
67%
Mahindra Brasilien 11 Bruno Senna
33%
China Racing/NEXTEV China 3 Ho-Pin Tung
33%
Dragon Belgien 11 Jerome D'Ambrosio
33%
Andretti Großbritanien 1 Justin Wilson
33%
Amlin Aguri Großbritanien 2 Katherene Legge
33%
Dragon Frankreich 7 Loic Duval
33%
Andretti USA 2 Matthew Brabham
33%
Amlin Aguri Mexiko 9 Salvador Duran
33%
Andretti USA 4 Scott Speed
33%
Andretti Schweiz 2 Simona de Silvestro
33%
Trulli Italien 5 Vitantonio Liuzzi
33%
Trulli Schweiz 2 Alex Fontana
0%
China Racing/NEXTEV Spanien 2 Antonio Garcia
0%
Virgin Schweiz 2 Fabio Leimer
0%
Andretti Frankreich 2 Franck Montagny
0%
Trulli Italien 4 Michela Cerruti
0%
China Racing/NEXTEV Großbritanien 2 Oliver Turvey
0%
Dragon Spanien 4 Oriol Servia
0%
Venturi Frankreich 11 Stephane Sarrazin
0%
Keine übereinstimmenden Quizze gefunden
Verteilung der Resultate
Anzahl Personen mit jedem Resultat
Perzentil nach korrekt beantworteten Fragen
Ihre Resultats-Entwicklung
Sie haben dieses Quiz noch nicht gespielt